Unita nazionale e unificazione giuridica in Italia: la codificacione del diritto nel risorgimento

Guardat en:
Dades bibliogràfiques
Autor principal: Ghisalberti, Carlo (Autor)
Format: Llibre
Idioma:italià
Publicat: Roma Laterza 1993
Edició:3a. ed
Col·lecció:Biblioteca Universal Laterza, 233
Matèries:
Etiquetes: Afegir etiqueta
Sense etiquetes, Sigues el primer a etiquetar aquest registre!

MARC

LEADER 00000nam a2200000 a 4500
001 UCX9243
003 CL-VaPUC
008 940524e19930000IT |||||||||||||||||ita|d
082 0 4 |a 349.45  |b GHI  |2 21 
100 |a Ghisalberti, Carlo  |e author  |9 326625 
245 1 0 |a Unita nazionale e unificazione giuridica in Italia: la codificacione del diritto nel risorgimento 
250 |a 3a. ed 
300 |a 325 p 
942 |c BK 
945 |d 19940524 00:00:00  |a aalvarez 
260 |a Roma  |b Laterza  |c 1993 
650 7 |a DERECHO HISTORIA  |2 CL-VaPUC  |9 255119 
651 0 |a Italia  |9 254949 
583 |a last modification  |c 19940524 00:00:00  |k Rodrigo Vera 
490 0 |a Biblioteca Universal Laterza, 233 
999 |c 228542  |d 228540 
952 |0 0  |1 0  |4 0  |6 349_450000000000000_GHI_1993  |7 0  |8 DER_HIS  |9 228726  |a BIBDER  |b BIBDER  |d 2019-11-15  |i 2979152  |o 349.45 GHI 1993  |p 2979152  |r 2023-01-25  |w 2019-11-15  |x Ubicación 4to Piso  |y BK  |z Estos recursos deben solicitarse con anticipación  |k DER